[Event "TUR-ch"]
[White "Isik, Alparslan"]
[Black "Tuncer, Ufuk"]
[Site "Kemer"]
[Round "5"]
[Result "1-0"]
[Date "2023.12.06"]
[WhiteElo "2452"]
[BlackElo "2360"]
[PlyCount "63"]
[EventDate "2023.12.02"]
[EventType "tourn"]
[EventRounds "9"]
[EventCountry "TUR"]
[EventCategory "3"]
[SourceTitle "CBM 217 Extra"]
[Source "ChessBase"]
[SourceDate "2024.01.31"]
[SourceVersion "1"]
[SourceVersionDate "2024.01.31"]
[SourceQuality "1"]

1. d4 Nf6 2. c4 g6 3. Nc3 Bg7 4. e4 d6 5. Be2 0-0 6. Nf3 e5 7. 0-0 Nc6 8. d5 Ne7 9. b4 Nh5 10. Re1 f5 11. a4 Nf6 12. a5 fxe4 13. Ng5 Nf5 14. Ngxe4 Nxe4 15. Nxe4 Nd4 16. Bg5 Qe8 17. Bd3 Qf7 18. Ra2 Bf5 19. Be3 Qd7 20. Ng5 Bf6 21. Ne4 Bg7 22. a6 b6 23. Bxd4 exd4 24. Ng5 Rae8 25. Bxf5 Qxf5 26. Ne6 Rf7 27. b5 Rfe7 28. Rae2 d3 29. Re3 Bc3 30. Rf1 Bb4 31. Qxd3 Qf6 32. Nxc7 1-0

[Event "TUR-ch"]
[White "Taspinar, Yanki"]
[Black "Tuncer, Ufuk"]
[Site "Kemer"]
[Round "3"]
[Result "0-1"]
[Date "2023.12.04"]
[WhiteElo "2318"]
[BlackElo "2360"]
[PlyCount "59"]
[EventDate "2023.12.02"]
[EventType "tourn"]
[EventRounds "9"]
[EventCountry "TUR"]
[EventCategory "3"]
[SourceTitle "CBM 217 Extra"]
[Source "ChessBase"]
[SourceDate "2024.01.31"]
[SourceVersion "1"]
[SourceVersionDate "2024.01.31"]
[SourceQuality "1"]

1. d4 Nf6 2. c4 g6 3. Nc3 Bg7 4. e4 d6 5. h3 e5 6. d5 a5 7. Bg5 Na6 8. Bd3 h6 9. Be3 Nd7 10. Nge2 Bf6 11. f3 Nac5 12. Bc2 Bg5 13. Bf2 h5 14. h4 Bh6 15. a3 0-0 16. Rb1 Nb6 17. b3 Bd7 18. b4 axb4 19. axb4 Nca4 20. Nxa4 Nxa4 21. Bd3 Qe7 22. Qc2 Rfc8 23. 0-0 c5 24. dxc6 Bxc6 25. Qb3 Qc7 26. Ra1 Bd7 27. Ra3 Nb6 28. Rxa8 Nxa8 29. Nc3 Be6 30. Nd5 0-1

[Event "SUI-ch Blitz"]
[White "Cerasi, Umberto"]
[Black "Tuncer, Ufuk"]
[Site "Biel"]
[Round "2"]
[Result "0-1"]
[Date "2023.07.29"]
[WhiteElo "1913"]
[BlackElo "2351"]
[PlyCount "54"]
[EventDate "2023.07.29"]
[EventType "swiss (blitz)"]
[EventRounds "13"]
[EventCountry "SUI"]
[SourceTitle "CBM 215 Extra"]
[Source "ChessBase"]
[SourceDate "2023.09.30"]
[SourceVersion "1"]
[SourceVersionDate "2023.09.30"]
[SourceQuality "1"]

1. d4 Nf6 2. Nc3 d5 3. Bf4 g6 4. e3 Bg7 5. h4 h5 6. Bd3 c5 7. dxc5 Nc6 8. Nf3 0-0 9. Ne5 Qa5 10. 0-0 Qxc5 11. a3 Qb6 12. Na4 Qa5 13. Nc3 Be6 14. b4 Qd8 15. Na4 Nd7 16. Nxd7 Bxd7 17. Rb1 b6 18. c4 dxc4 19. Bxc4 Bf5 20. Rc1 Ne5 21. Ba6 Qd7 22. Qxd7 Bxd7 23. Nc3 Be6 24. Rfd1 Rad8 25. Nb5 Nd3 26. Rc7 Nxf4 27. exf4 Rxd1+ 0-1

[Event "SUI-ch Blitz"]
[White "Schweizer, Samuel"]
[Black "Tuncer, Ufuk"]
[Site "Biel"]
[Round "8"]
[Result "1-0"]
[Date "2023.07.29"]
[WhiteElo "2084"]
[BlackElo "2351"]
[PlyCount "141"]
[EventDate "2023.07.29"]
[EventType "swiss (blitz)"]
[EventRounds "13"]
[EventCountry "SUI"]
[SourceTitle "CBM 215 Extra"]
[Source "ChessBase"]
[SourceDate "2023.09.30"]
[SourceVersion "1"]
[SourceVersionDate "2023.09.30"]
[SourceQuality "1"]

1. e4 c5 2. Nf3 d6 3. d4 cxd4 4. Nxd4 Nf6 5. Nc3 a6 6. h3 e5 7. Nde2 h5 8. g3 Be6 9. Bg2 b5 10. a4 b4 11. Nd5 Bxd5 12. exd5 Nbd7 13. c4 a5 14. b3 g6 15. Be3 Bg7 16. Ra2 Rc8 17. Nc1 Nc5 18. Nd3 Nfd7 19. Nxc5 Nxc5 20. 0-0 0-0 21. Kh2 f5 22. f4 e4 23. Bxc5 Rxc5 24. Re2 Qf6 25. Rg1 Kf7 26. Rge1 Re8 27. h4 Qd8 28. Qc2 Bf6 29. Kh3 Re7 30. Re3 Qh8 31. Rf1 Ke8 32. Rfe1 Kd8 33. R3e2 Kc7 34. Re3 Kb8 35. R3e2 Rc8 36. Rd1 Bd4 37. Qd2 Bc5 38. Qb2 Qf8 39. Bf1 Kb7 40. Bg2 Ree8 41. Bf1 Bb6 42. Qd2 Re7 43. Kh2 Bd8 44. Ree1 Re8 45. Qe2 Bf6 46. c5 Rxc5 47. Qa6+ Kc7 48. Qa7+ Kd8 49. Bb5 Re7 50. Qxa5+ Rec7 51. Qxb4 Bc3 52. Qa3 Bxe1 53. Rxe1 Rc2+ 54. Kh3 g5 55. hxg5 h4 56. Qa1 hxg3 57. Bc4 Qf7 58. Qh8+ Kd7 59. Bb5+ Ke7 60. Rh1 Rc8 61. Qh4 Qg7 62. g6+ Qf6 63. Qh7+ Kf8 64. Qh6+ Qg7 65. Qh5 Kg8 66. Bc4 g2 67. Rg1 Rf8 68. Rxg2 Rxg2 69. Kxg2 Rf6 70. Kf2 Qxg6 71. Qxg6+ 1-0

[Event "SUI-ch Blitz"]
[White "Tuncer, Ufuk"]
[Black "Abdulrahman Mohammad, Al Taher"]
[Site "Biel"]
[Round "7"]
[Result "1-0"]
[Date "2023.07.29"]
[WhiteElo "2351"]
[BlackElo "2258"]
[PlyCount "79"]
[EventDate "2023.07.29"]
[EventType "swiss (blitz)"]
[EventRounds "13"]
[EventCountry "SUI"]
[SourceTitle "CBM 215 Extra"]
[Source "ChessBase"]
[SourceDate "2023.09.30"]
[SourceVersion "1"]
[SourceVersionDate "2023.09.30"]
[SourceQuality "1"]

1. e4 c5 2. Nf3 Nc6 3. Nc3 g6 4. Bb5 Bg7 5. Bxc6 dxc6 6. h3 Nf6 7. d3 Nd7 8. Be3 e5 9. Qd2 h6 10. 0-0 b6 11. a4 a5 12. Nh2 Nf8 13. f4 exf4 14. Bxf4 Ne6 15. Bg3 Qg5 16. Qe1 Nd4 17. Rc1 Be6 18. Nf3 Qe7 19. e5 0-0 20. Nxd4 cxd4 21. Ne4 Bd5 22. Nf6+ Bxf6 23. Rxf6 Rfe8 24. Qd2 Kg7 25. Rcf1 Rad8 26. b3 Rd7 27. Qf2 b5 28. Kh2 bxa4 29. bxa4 Be6 30. Bf4 h5 31. Qh4 Qc5 32. Qg5 Rh8 33. Bg3 Qd5 34. Be1 c5 35. Bxa5 Ra7 36. Bd2 Rxa4 37. Rxg6+ fxg6 38. Qf6+ Kg8 39. Qf8+ Kh7 40. Qh6+ 1-0

[Event "SUI-ch Blitz"]
[White "Tuncer, Ufuk"]
[Black "Angst, Robin"]
[Site "Biel"]
[Round "3"]
[Result "1-0"]
[Date "2023.07.29"]
[WhiteElo "2351"]
[BlackElo "2215"]
[PlyCount "59"]
[EventDate "2023.07.29"]
[EventType "swiss (blitz)"]
[EventRounds "13"]
[EventCountry "SUI"]
[SourceTitle "CBM 215 Extra"]
[Source "ChessBase"]
[SourceDate "2023.09.30"]
[SourceVersion "1"]
[SourceVersionDate "2023.09.30"]
[SourceQuality "1"]

1. e4 e5 2. Nf3 d6 3. d4 exd4 4. Nxd4 Nf6 5. Nc3 Be7 6. h3 0-0 7. g3 a5 8. Bg2 Na6 9. 0-0 Re8 10. Re1 Nc5 11. a3 Bf8 12. Bg5 h6 13. Bf4 c6 14. Nb3 Nxb3 15. cxb3 Be6 16. Qc2 Qb6 17. Be3 Qxb3 18. Qd2 Rad8 19. Bd4 Be7 20. Re3 c5 21. Nd5 Bxd5 22. Rxb3 Bxb3 23. Bc3 b6 24. Re1 d5 25. Bxf6 Bxf6 26. exd5 Rxe1+ 27. Qxe1 Bxd5 28. Bxd5 Rxd5 29. Qe8+ Kh7 30. Qe4+ 1-0

[Event "SUI-ch Blitz"]
[White "Tuncer, Ufuk"]
[Black "Schweizer, Simon"]
[Site "Biel"]
[Round "5"]
[Result "0-1"]
[Date "2023.07.29"]
[WhiteElo "2351"]
[BlackElo "2123"]
[PlyCount "58"]
[EventDate "2023.07.29"]
[EventType "swiss (blitz)"]
[EventRounds "13"]
[EventCountry "SUI"]
[SourceTitle "CBM 215 Extra"]
[Source "ChessBase"]
[SourceDate "2023.09.30"]
[SourceVersion "1"]
[SourceVersionDate "2023.09.30"]
[SourceQuality "1"]

1. e4 e5 2. Nf3 Nc6 3. Bc4 Nf6 4. d3 Be7 5. 0-0 0-0 6. c3 d5 7. exd5 Nxd5 8. Re1 Bg4 9. h3 Bh5 10. a4 a6 11. a5 Kh8 12. g4 Bg6 13. Nxe5 Nxe5 14. Rxe5 c6 15. d4 Bd6 16. Bxd5 cxd5 17. Re3 f5 18. Nd2 Qh4 19. Nf3 Qxh3 20. Ne5 Qh4 21. Kg2 Bxe5 22. dxe5 fxg4 23. Qe1 Be4+ 24. Rxe4 dxe4 25. Be3 Qh3+ 26. Kg1 g3 27. fxg3 Rf3 28. Bf2 Raf8 29. Rd1 e3 0-1

[Event "Oberliga Wuerttemberg 1718"]
[White "Tuncer, Ufuk"]
[Black "Weiss, Andreas"]
[Site "Wuerttemberg"]
[Round "2"]
[Result "1/2-1/2"]
[Date "2017.10.08"]
[WhiteElo "2311"]
[BlackElo "2183"]
[PlyCount "44"]
[EventDate "2017.09.17"]
[EventType "team-tourn"]
[EventRounds "9"]
[EventCountry "GER"]
[SourceTitle "EXT 2019"]
[Source "ChessBase"]
[SourceDate "2018.10.10"]
[SourceVersion "1"]
[SourceVersionDate "2018.10.10"]
[SourceQuality "1"]
[WhiteTeam "Stuttgart SF"]
[BlackTeam "Schwaebisch Gmuend"]
[WhiteTeamCountry "GER"]
[BlackTeamCountry "GER"]

1. e4 c5 2. Nc3 e6 3. Nf3 a6 4. g3 b5 5. Bg2 Bb7 6. d3 d6 7. 0-0 Nc6 8. a4 b4 9. Nb1 Nf6 10. Nbd2 Be7 11. Re1 0-0 12. Nc4 Nd7 13. Bf4 Nb6 14. Nxb6 Qxb6 15. e5 d5 16. h4 Nd4 17. b3 Nxf3+ 18. Qxf3 f5 19. Rad1 Rac8 20. Bg5 Qd8 21. Bxe7 Qxe7 22. Qf4 d4 1/2-1/2

[Event "Oberliga Wuerttemberg 1718"]
[White "Tuncer, Ufuk"]
[Black "Trachtmann, Mark"]
[Site "Wuerttemberg"]
[Round "1.3"]
[Result "1-0"]
[Date "2017.09.17"]
[WhiteElo "2311"]
[BlackElo "2273"]
[PlyCount "111"]
[EventDate "2017.09.17"]
[EventType "team-tourn"]
[EventRounds "9"]
[EventCountry "GER"]
[SourceTitle "EXT 2019"]
[Source "ChessBase"]
[SourceDate "2018.10.10"]
[SourceVersion "1"]
[SourceVersionDate "2018.10.10"]
[SourceQuality "1"]
[WhiteTeam "Stuttgart SF"]
[BlackTeam "Schmiden Cannstatt"]
[WhiteTeamCountry "GER"]
[BlackTeamCountry "GER"]

1. Nf3 g6 2. g3 Bg7 3. Bg2 e5 4. d4 exd4 5. Nxd4 d5 6. Nb3 Nf6 7. c4 c6 8. Nc3 Be6 9. cxd5 Nxd5 10. Nxd5 Bxd5 11. e4 Qe7 12. 0-0 Bc4 13. Re1 0-0 14. Be3 Nd7 15. Rc1 Be6 16. Nc5 Nb6 17. b3 Rfd8 18. Qe2 Nc8 19. Red1 Nd6 20. a4 Bc8 21. b4 b6 22. Nb3 Bb7 23. Bf4 Ne8 24. Bd2 Nc7 25. f4 Ba6 26. Qe1 Qe6 27. Na1 Bb2 28. Rb1 Bd4+ 29. Be3 Bxe3+ 30. Qxe3 Bc4 31. Qc3 b5 32. a5 Qe7 33. Nc2 c5 34. Kh1 Rac8 35. bxc5 Qxc5 36. Ne3 Ne8 37. Ng4 Qf8 38. Qb2 Be6 39. Ne5 Rxd1+ 40. Rxd1 b4 41. f5 gxf5 42. exf5 Bxf5 43. Bd5 Be6 44. Bxe6 fxe6 45. Qe2 b3 46. Rf1 Qg7 47. Qa6 Qxe5 48. Qxc8 Qe4+ 49. Kg1 Qe3+ 50. Rf2 Qe1+ 51. Kg2 Qe4+ 52. Kh3 Qg6 53. Qb7 Qh5+ 54. Kg2 Qd5+ 55. Qxd5 exd5 56. Rb2 1-0

[Event "TUR-chT"]
[White "Tuncer, Ufuk"]
[Black "Krasenkow, Michal"]
[Site "Izmir"]
[Round "12.3"]
[Result "0-1"]
[Date "2016.08.04"]
[WhiteElo "2299"]
[BlackElo "2614"]
[PlyCount "156"]
[EventDate "2016.07.25"]
[EventType "team-swiss"]
[EventRounds "13"]
[EventCountry "TUR"]
[SourceTitle "CBM 173 Extra"]
[Source "ChessBase"]
[SourceDate "2016.08.29"]
[SourceVersion "1"]
[SourceVersionDate "2016.08.29"]
[SourceQuality "1"]
[WhiteTeam "Tas Duvar"]
[BlackTeam "Hatay Buyuksehir"]
[WhiteTeamCountry "TUR"]
[BlackTeamCountry "TUR"]

1. e4 d6 2. d4 Nf6 3. Nc3 c6 4. f4 Qa5 5. Bd3 e5 6. Nf3 Nbd7 7. 0-0 Be7 8. Kh1 0-0 9. Qe1 Qc7 10. a4 exd4 11. Nxd4 Nc5 12. Qg3 a5 13. Nf3 d5 14. e5 Nfe4 15. Bxe4 dxe4 16. Ng5 Bf5 17. Be3 Rad8 18. Bxc5 Bxc5 19. Ngxe4 Be7 20. Rae1 Qb6 21. Qf2 Qxf2 22. Rxf2 Rd4 23. Ng3 Bc8 24. Re4 Rfd8 25. h3 f6 26. Rxd4 Rxd4 27. exf6 Bxf6 28. Nge4 Be7 29. Re2 Kf8 30. Kh2 h5 31. Rd2 Rb4 32. b3 h4 33. g3 hxg3+ 34. Kxg3 Bf5 35. Re2 Rd4 36. Nf2 Bd6 37. Nce4 Bc7 38. c3 Rd5 39. c4 Rd4 40. Kf3 Kf7 41. Ng4 Rd1 42. Ng3 Bc8 43. Ne4 Rf1+ 44. Ngf2 Rb1 45. Re3 Bf5 46. Rc3 Rb2 47. Nd1 Rb1 48. Ndf2 Kg6 49. Ng3 Bd6 50. c5 Bc7 51. Ng4 Be6 52. f5+ Bxf5 53. Nxf5 Kxf5 54. Ne3+ Ke6 55. Rd3 Rg1 56. h4 Rg3+ 57. Kf2 Rh3 58. Rd4 Bg3+ 59. Kg2 Rxh4 60. Rd8 Bf4 61. Nc4 Bc7 62. Rc8 Kd7 63. Ra8 Rh2+ 64. Kf1 Rh3 65. Rg8 Rg3 66. Kf2 Rg5 67. Ke3 Ke7 68. Rc8 Bd8 69. Kd4 Kd7 70. Ra8 Rd5+ 71. Ke4 Rxc5 72. Ne5+ Kc7 73. Nd3 Rc3 74. Rxa5 Rxb3 75. Rf5 Bf6 76. a5 Ra3 77. Nf4 Kd6 78. Ne2 c5 0-1

[Event "TUR-chT"]
[White "Erdogan, Hakan"]
[Black "Tuncer, Ufuk"]
[Site "Izmir"]
[Round "10.5"]
[Result "0-1"]
[Date "2016.08.03"]
[WhiteElo "2138"]
[BlackElo "2299"]
[PlyCount "192"]
[EventDate "2016.07.25"]
[EventType "team-swiss"]
[EventRounds "13"]
[EventCountry "TUR"]
[SourceTitle "CBM 173 Extra"]
[Source "ChessBase"]
[SourceDate "2016.08.29"]
[SourceVersion "1"]
[SourceVersionDate "2016.08.29"]
[SourceQuality "1"]
[WhiteTeam "Istanbul Teknik Uni"]
[BlackTeam "Tas Duvar"]
[WhiteTeamCountry "TUR"]
[BlackTeamCountry "TUR"]

1. d4 Nf6 2. c4 g6 3. Nc3 Bg7 4. e4 d6 5. f3 0-0 6. Be3 c5 7. dxc5 dxc5 8. Qxd8 Rxd8 9. Bxc5 Nc6 10. Rd1 Rxd1+ 11. Kxd1 Nd7 12. Be3 Bxc3 13. bxc3 Nde5 14. c5 Be6 15. a3 Bb3+ 16. Ke1 Rd8 17. Be2 Na5 18. Kf2 Nec4 19. Bxc4 Nxc4 20. Ne2 a5 21. Nd4 a4 22. Nb5 Nb2 23. Bd4 e5 24. Rb1 Nd1+ 25. Rxd1 Bxd1 26. Bxe5 Rd2+ 27. Ke1 Rd7 28. Nd6 Bb3 29. Ke2 Kf8 30. g4 Ke7 31. g5 Kd8 32. Ke3 Kc7 33. Bd4 b6 34. Ne8+ Kd8 35. Nf6 bxc5 36. Bxc5 Rd1 37. Nxh7 Rh1 38. Bd6 Kd7 39. Bb4 Rxh2 40. Nf6+ Ke6 41. Ng4 Rh5 42. Kf4 Rh1 43. Nf2 Rf1 44. Kg3 Bc4 45. Nh3 Ke5 46. Kg2 Rc1 47. Kg3 Ke6 48. Nf4+ Kd7 49. Ng2 Kc6 50. Ne3 Be6 51. Kf4 Re1 52. Nc2 Rf1 53. Nd4+ Kd7 54. Ke5 Bc4 55. Kf6 Ke8 56. Bc5 Rf2 57. Ke5 Rf1 58. Kf6 Bb3 59. Ke5 Bd1 60. f4 Re1 61. Bb4 Bb3 62. c4 Rc1 63. c5 Kd7 64. c6+ Kc8 65. Kd6 Bc4 66. Bc5 Re1 67. e5 Rf1 68. c7 Rxf4 69. Nc6 Be6 70. Nd8 Bd7 71. Ke7 Kxc7 72. Bd6+ Kc8 73. Nxf7 Re4 74. Kf6 Bf5 75. Nh8 Kd7 76. Kf7 Rf4 77. Bb8 Rf3 78. Bd6 Be6+ 79. Kxg6 Bb3 80. Kg7 Ke6 81. Ng6 Rf7+ 82. Kh6 Rf3 83. Nf8+ Kf7 84. g6+ Kg8 85. Nh7 Rh3+ 86. Kg5 Kg7 87. Bf8+ Kg8 88. Bh6 Rg3+ 89. Kf6 Bc2 90. Ng5 Rxa3 91. e6 Ra1 92. g7 Rf1+ 93. Ke5 a3 94. e7 Re1+ 95. Kd6 a2 96. Ne6 Rxe6+ 0-1

[Event "TUR-chT"]
[White "Tuncer, Ufuk"]
[Black "Secer, Ata"]
[Site "Izmir"]
[Round "9.6"]
[Result "1-0"]
[Date "2016.08.02"]
[WhiteElo "2299"]
[BlackElo "2304"]
[PlyCount "105"]
[EventDate "2016.07.25"]
[EventType "team-swiss"]
[EventRounds "13"]
[EventCountry "TUR"]
[SourceTitle "CBM 173 Extra"]
[Source "ChessBase"]
[SourceDate "2016.08.29"]
[SourceVersion "1"]
[SourceVersionDate "2016.08.29"]
[SourceQuality "1"]
[WhiteTeam "Tas Duvar"]
[BlackTeam "Deniz Su Aquamatch"]
[WhiteTeamCountry "TUR"]
[BlackTeamCountry "TUR"]

1. e4 e5 2. Nf3 Nc6 3. Bc4 Bc5 4. 0-0 d6 5. c3 Bb6 6. a4 a6 7. d3 Nf6 8. Bg5 h6 9. Be3 Bxe3 10. fxe3 0-0 11. Na3 Be6 12. Qe2 Bxc4 13. Nxc4 b5 14. Ncd2 Rb8 15. axb5 axb5 16. g3 d5 17. exd5 Qxd5 18. e4 Qc5+ 19. Kh1 b4 20. Nb3 Qd6 21. c4 Rbd8 22. Rad1 Nd7 23. Qe3 Kh7 24. Rd2 g6 25. Rfd1 Qe7 26. d4 exd4 27. Nbxd4 Nxd4 28. Rxd4 Nb6 29. b3 Rfe8 30. e5 Rxd4 31. Rxd4 Nd7 32. Rh4 h5 33. g4 Nxe5 34. gxh5 g5 35. Nxg5+ Kh8 36. Re4 f6 37. Nf3 Qg7 38. h6 Qg6 39. Nh4 Qh5 40. Qf4 Qd1+ 41. Kg2 Rg8+ 42. Kh3 Qd7+ 43. Nf5 Rg4 44. Qxe5 fxe5 45. Kxg4 Qe6 46. Kg5 Kh7 47. Ng3 Qg6+ 48. Kh4 Qxh6+ 49. Kg4 Qe6+ 50. Kf3 Kg6 51. h4 Kf6 52. Rg4 Qd7 53. Nh5+ 1-0

[Event "Stuttgart-chA int"]
[White "Tuncer, Ufuk"]
[Black "Schoenberger, Peter"]
[Site "Ditzingen"]
[Round "6"]
[Result "1-0"]
[Date "2016.05.07"]
[WhiteElo "2292"]
[BlackElo "2088"]
[PlyCount "41"]
[EventDate "2016.05.05"]
[EventType "swiss"]
[EventRounds "7"]
[EventCountry "GER"]
[SourceTitle "EXT 2018"]
[Source "ChessBase"]
[SourceDate "2017.10.13"]
[SourceVersion "1"]
[SourceVersionDate "2017.10.13"]
[SourceQuality "1"]

1. d4 Nf6 2. c4 g6 3. Nc3 Bg7 4. e4 d6 5. f3 0-0 6. Be3 Nc6 7. Nge2 a6 8. Qd2 Rb8 9. Rc1 b5 10. cxb5 axb5 11. Nxb5 Rxb5 12. Rxc6 Bd7 13. Rc2 Rb7 14. Nc3 Re8 15. Ba6 Rb6 16. Be2 Bc8 17. 0-0 Rb8 18. Rfc1 c6 19. Nd1 Bd7 20. Nf2 Rf8 21. Nd3 1-0

[Event "Stuttgart-chA int"]
[White "Marzev, Ivan"]
[Black "Tuncer, Ufuk"]
[Site "Ditzingen"]
[Round "1"]
[Result "0-1"]
[Date "2016.05.05"]
[WhiteElo "1991"]
[BlackElo "2292"]
[PlyCount "102"]
[EventDate "2016.05.05"]
[EventType "swiss"]
[EventRounds "7"]
[EventCountry "GER"]
[SourceTitle "EXT 2018"]
[Source "ChessBase"]
[SourceDate "2017.10.13"]
[SourceVersion "1"]
[SourceVersionDate "2017.10.13"]
[SourceQuality "1"]

1. c4 Nf6 2. d4 g6 3. Nc3 Bg7 4. Nf3 0-0 5. e4 d6 6. h3 c6 7. Be2 a6 8. Qb3 Nfd7 9. Bg5 h6 10. Bh4 Qe8 11. 0-0 e5 12. dxe5 dxe5 13. Qa3 f5 14. Be7 Rf7 15. Bd6 Bf8 16. Rad1 Kg7 17. exf5 gxf5 18. Nh4 Rf6 19. Rd3 e4 20. Rg3+ Kh7 21. Nxf5 Rxf5 22. Nxe4 Ne5 23. Bd3 Nbd7 24. f4 Nxd3 25. Qxd3 Kh8 26. Qc3+ Kh7 27. Re1 Qf7 28. Bxf8 Nxf8 29. Nd6 Qf6 30. Nxf5 Qxc3 31. Rxc3 Bxf5 32. g4 Be6 33. f5 Bf7 34. Re7 Kg7 35. Rxb7 Rd8 36. Re3 Kf6 37. Rb6 Rd6 38. c5 Rd1+ 39. Kf2 Bd5 40. Rxa6 Rd2+ 41. Re2 Rxe2+ 42. Kxe2 Bc4+ 43. Ke3 Bxa6 44. Kf4 Bc4 45. h4 Bxa2 46. g5+ hxg5+ 47. hxg5+ Ke7 48. Ke5 Nd7+ 49. Kd4 Bb3 50. Kc3 Ba4 51. b4 Ne5 0-1

[Event "Stuttgart-chA int"]
[White "Tuncer, Ufuk"]
[Black "Wettengel, Alexander"]
[Site "Ditzingen"]
[Round "2"]
[Result "1-0"]
[Date "2016.05.05"]
[WhiteElo "2292"]
[BlackElo "2105"]
[PlyCount "63"]
[EventDate "2016.05.05"]
[EventType "swiss"]
[EventRounds "7"]
[EventCountry "GER"]
[SourceTitle "EXT 2018"]
[Source "ChessBase"]
[SourceDate "2017.10.13"]
[SourceVersion "1"]
[SourceVersionDate "2017.10.13"]
[SourceQuality "1"]

1. Nf3 Nc6 2. d4 d5 3. c4 Bg4 4. Nc3 e6 5. cxd5 exd5 6. Bf4 Bd6 7. Bg3 Nge7 8. e3 0-0 9. Be2 a6 10. 0-0 Bxg3 11. hxg3 Qd7 12. Rc1 b5 13. Nb1 f6 14. Nbd2 Qd6 15. Nb3 Nd8 16. Nc5 Ne6 17. Nd2 Bxe2 18. Qxe2 c6 19. Ndb3 a5 20. a4 bxa4 21. Nxe6 Qxe6 22. Nc5 Qd6 23. Ra1 Rfb8 24. Rxa4 Rb4 25. Ra2 Rb5 26. Rfa1 Rab8 27. b3 Ra8 28. Qd2 Qc7 29. b4 Rxb4 30. Qxb4 axb4 31. Rxa8+ Kf7 32. R1a7 1-0

[Event "AUT-chT2W 1516"]
[White "Georgiev, Georgi"]
[Black "Tuncer, Ufuk"]
[Site "Austria"]
[Round "9.1"]
[Result "0-1"]
[Date "2016.03.04"]
[WhiteElo "2107"]
[BlackElo "2317"]
[PlyCount "118"]
[EventDate "2015.10.16"]
[EventType "team-tourn"]
[EventRounds "11"]
[EventCountry "AUT"]
[SourceTitle "EXT 2017"]
[Source "ChessBase"]
[SourceDate "2016.10.25"]
[SourceVersion "1"]
[SourceVersionDate "2016.10.25"]
[SourceQuality "1"]
[WhiteTeam "Voels/Innsbruck"]
[BlackTeam "Bregenz"]
[WhiteTeamCountry "AUT"]
[BlackTeamCountry "AUT"]

1. d4 Nf6 2. Nf3 g6 3. Bf4 Bg7 4. e3 d6 5. h3 0-0 6. Be2 b6 7. 0-0 Bb7 8. c3 Nbd7 9. a4 a6 10. Na3 Ne4 11. Qb3 Rb8 12. Rfd1 Qe8 13. d5 Ndc5 14. Qc4 Qxa4 15. Nd4 Qxc4 16. Bxc4 Nf6 17. Ne2 b5 18. Ba2 Na4 19. Rab1 Nb6 20. e4 Nxe4 21. Be3 Nf6 22. Bxb6 cxb6 23. Nc2 Rfc8 24. Ne3 Nd7 25. Nd4 Rc5 26. Nec2 Rbc8 27. Nb4 Nb8 28. Nd3 R5c7 29. Nf3 Nd7 30. Re1 Nf6 31. Nb4 a5 32. Nc6 Bxc6 33. dxc6 e5 34. Rbd1 Bf8 35. Ng5 h6 36. Ne4 Nxe4 37. Rxe4 Rxc6 38. Re3 Kg7 39. g4 R6c7 40. Bd5 Rc5 41. h4 R8c7 42. Kg2 f5 43. h5 f4 44. Ree1 g5 45. Re4 Kf6 46. Kf3 Be7 47. Rd2 Ra7 48. Ke2 a4 49. Rb4 a3 50. bxa3 Rxa3 51. c4 bxc4 52. Rxc4 f3+ 53. Kd1 Ra1+ 54. Kc2 Ra2+ 55. Kc3 Rxc4+ 56. Bxc4 Rxd2 57. Kxd2 e4 58. Bb5 d5 59. Be8 Bb4+ 0-1

[Event "Oberliga Wuerttemberg 1516"]
[White "Tuncer, Ufuk"]
[Black "Ortmann, David"]
[Site "Wuerttemberg"]
[Round "7.2"]
[Result "1/2-1/2"]
[Date "2016.02.21"]
[WhiteElo "2273"]
[BlackElo "2271"]
[PlyCount "34"]
[EventDate "2015.09.20"]
[EventType "team-tourn"]
[EventRounds "9"]
[EventCountry "GER"]
[SourceTitle "EXT 2019"]
[Source "ChessBase"]
[SourceDate "2018.10.10"]
[SourceVersion "1"]
[SourceVersionDate "2018.10.10"]
[SourceQuality "1"]
[WhiteTeam "Sontheim/Brenz"]
[BlackTeam "Boeblingen"]
[WhiteTeamCountry "GER"]
[BlackTeamCountry "GER"]

1. e4 e6 2. d4 d5 3. Nc3 dxe4 4. Nxe4 Bd7 5. Nf3 Bc6 6. Bd3 Nd7 7. 0-0 Ngf6 8. Re1 Bxe4 9. Bxe4 Nxe4 10. Rxe4 Nf6 11. Re1 Be7 12. Qe2 c6 13. Bg5 0-0 14. Rad1 Nd7 15. Bc1 Qa5 16. a3 Rad8 17. h3 Rfe8 1/2-1/2

[Event "Oberliga Wuerttemberg 1516"]
[White "Tuncer, Ufuk"]
[Black "Kourousis, Epaminondas"]
[Site "Wuerttemberg"]
[Round "2.1"]
[Result "1/2-1/2"]
[Date "2015.10.11"]
[WhiteElo "2273"]
[BlackElo "2387"]
[PlyCount "176"]
[EventDate "2015.09.20"]
[EventType "team-tourn"]
[EventRounds "9"]
[EventCountry "GER"]
[SourceTitle "EXT 2019"]
[Source "ChessBase"]
[SourceDate "2018.10.10"]
[SourceVersion "1"]
[SourceVersionDate "2018.10.10"]
[SourceQuality "1"]
[WhiteTeam "Sontheim/Brenz"]
[BlackTeam "Schwaebisch Gmuend"]
[WhiteTeamCountry "GER"]
[BlackTeamCountry "GER"]

1. e4 c6 2. d4 d5 3. Nc3 dxe4 4. Nxe4 Bf5 5. Ng3 Bg6 6. h4 h6 7. Nf3 Nd7 8. h5 Bh7 9. Bd3 Bxd3 10. Qxd3 e6 11. Bd2 Ngf6 12. 0-0-0 Be7 13. Qe2 Qb6 14. Rhe1 0-0 15. Nf5 Rfe8 16. Nxe7+ Rxe7 17. g4 Nh7 18. Kb1 Ree8 19. g5 hxg5 20. Nxg5 Qb5 21. Qg4 Nxg5 22. Bxg5 Qf5 23. Qh4 e5 24. Rg1 f6 25. Bh6 Re7 26. Qg3 Qh7 27. Qb3+ Kh8 28. Bc1 Nf8 29. h6 g6 30. dxe5 Rxe5 31. f4 Re7 32. Qc3 Qf7 33. f5 Kh7 34. Rd6 Re5 35. fxg6+ Nxg6 36. Rf1 Rf8 37. Qd4 a6 38. b3 Re6 39. Qd3 Rxd6 40. Qxd6 Ne7 41. Bb2 Ng8 42. Bc1 Qe7 43. Qd3+ Kh8 44. Rg1 Qh7 45. Qxh7+ Kxh7 46. Rg7+ Kh8 47. Rxb7 Re8 48. Ba3 Nxh6 49. Bc1 Ng8 50. Rc7 Re6 51. c4 Ne7 52. Bb2 Kg7 53. Ba3 Kf7 54. Kc2 Ke8 55. Bxe7 Rxe7 56. Rxc6 Re2+ 57. Kc3 Rxa2 58. Rxf6 Kd7 59. Kd4 Kc7 60. Kc5 Ra5+ 61. Kb4 Ra1 62. Rh6 Kb7 63. Kc5 Ra5+ 64. Kd6 Ra3 65. b4 Rd3+ 66. Kc5 Rd7 67. Rb6+ Ka7 68. Rd6 Rc7+ 69. Kd4 Rb7 70. Kc3 Rh7 71. Kb3 Rh1 72. Rd3 Kb7 73. Kc3 Kc6 74. Rf3 Rc1+ 75. Kb3 Rb1+ 76. Ka4 Ra1+ 77. Ra3 Rb1 78. c5 Rc1 79. Rd3 Ra1+ 80. Kb3 Rb1+ 81. Kc3 a5 82. Rd6+ Kc7 83. bxa5 Rb5 84. Kc4 Rxa5 85. Kd5 Ra1 86. Rc6+ Kd7 87. Rb6 Rd1+ 88. Kc4 Kc7 1/2-1/2

[Event "Bundesliga 1415"]
[White "Tuncer, Ufuk"]
[Black "Zajogin, Alexander"]
[Site "Germany"]
[Round "14.7"]
[Result "0-1"]
[Date "2015.04.11"]
[WhiteElo "2322"]
[BlackElo "2393"]
[PlyCount "62"]
[EventDate "2014.10.18"]
[EventType "team-tourn"]
[EventRounds "15"]
[EventCountry "GER"]
[SourceTitle "CBM 166"]
[Source "ChessBase"]
[SourceDate "2015.05.11"]
[SourceVersion "1"]
[SourceVersionDate "2015.05.11"]
[SourceQuality "1"]
[WhiteTeam "Dortmund Hansa"]
[BlackTeam "Bayern Muenchen"]
[WhiteTeamCountry "GER"]
[BlackTeamCountry "GER"]

1. e4 e5 2. Nf3 Nc6 3. Bb5 a6 4. Ba4 Nf6 5. 0-0 Be7 6. Re1 b5 7. Bb3 d6 8. c3 0-0 9. h3 Na5 10. Bc2 c5 11. d4 Qc7 12. Nbd2 Rd8 13. b3 cxd4 14. cxd4 Bb7 15. Bb2 Nc6 16. Rc1 Qb6 17. Nf1 d5 18. exd5 Rxd5 19. Ne3 Rd7 20. d5 Bb4 21. Rf1 Re8 22. a3 Bc5 23. Bf5 Rd6 24. Ng4 Nxg4 25. hxg4 Nd4 26. Be4 Bxd5 27. b4 Nxf3+ 28. Bxf3 Bd4 29. Bxd5 Rxd5 30. Qb3 Red8 31. Rcd1 Bxf2+ 0-1